[Event "Bruges Masters"]
[Site "Bruges"]
[Date "2019.08.12"]
[Round "4"]
[White "Bekker, Stefan"]
[Black "Li, Zhenyu"]
[Result "1-0"]
[WhiteElo "2272"]
[BlackElo "2129"]
[PlyCount "116"]
[EventDate "2019.08.11"]
[EventType "swiss"]
[EventRounds "9"]
[EventCountry "BEL"]
[SourceTitle "CBM 191 Extra"]
[Source "ChessBase"]
[SourceDate "2019.09.30"]
[SourceVersion "1"]
[SourceVersionDate "2019.09.30"]
[SourceQuality "1"]

1. e4 c5 2. Nc3 Nc6 3. g3 e6 4. Bg2 Nf6 5. d3 Be7 6. Nh3 Rb8 7. a4 a6 8. 0-0 b5 9. axb5 axb5 10. f4 b4 11. Nb1 d5 12. e5 Nd7 13. Nd2 0-0 14. Nf3 f6 15. exf6 Bxf6 16. Nfg5 Bd4+ 17. Kh1 Nf6 18. Qe1 Ng4 19. Nxe6 Qd6 20. Nxf8 Bf5 21. Ra6 Kxf8 22. c3 Bxd3 23. Rxc6 Qxc6 24. cxd4 Bxf1 25. Qxf1 cxd4 26. Bf3 Ne3 27. Bxe3 dxe3 28. Qd3 Qc1+ 29. Ng1 Qxb2 30. Qxh7 Rd8 31. Qf5+ Qf6 32. Qb1 Qd6 33. Nh3 d4 34. Qd3 Rd7 35. Ng5 Ke7 36. Qe4+ Kf8 37. Qf5+ Ke8 38. Bh5+ Kd8 39. Qa5+ Ke7 40. Ne4 Qc6 41. Qxb4+ Kd8 42. Qb8+ Qc8 43. Qxc8+ Kxc8 44. Bg4 e2 45. Bxe2 Kc7 46. Bd3 Kc6 47. Kg2 Ra7 48. h4 Ra3 49. Nf2 Kd5 50. h5 Ra1 51. g4 Re1 52. g5 Ke6 53. Kf3 Re3+ 54. Kg4 Re1 55. Bc4+ Ke7 56. Nd3 Rh1 57. Ne5 Ke8 58. Kf5 Kf8 1-0

[Event "Bangkok Cha Am op 18th"]
[Site "Bangkog"]
[Date "2018.04.14"]
[Round "2"]
[White "Laohawirapap, Prin"]
[Black "Li, Zhenyu"]
[Result "0-1"]
[WhiteElo "1762"]
[BlackElo "2216"]
[PlyCount "48"]
[EventDate "2018.04.13"]
[EventType "swiss"]
[EventRounds "9"]
[EventCountry "THA"]
[SourceTitle "CBM 184 Extra"]
[Source "ChessBase"]
[SourceDate "2018.06.28"]
[SourceVersion "1"]
[SourceVersionDate "2018.06.28"]
[SourceQuality "1"]

1. e4 e6 2. d4 d5 3. Nd2 Nf6 4. e5 Nfd7 5. Bd3 c5 6. c3 Nc6 7. Ne2 Qb6 8. Nf3 cxd4 9. cxd4 f6 10. exf6 Nxf6 11. 0-0 Bd6 12. a3 0-0 13. Nc3 Bd7 14. Na4 Qc7 15. Bg5 Kh8 16. Rc1 Be8 17. Re1 Ng4 18. h3 Bh2+ 19. Kf1 Nxf2 20. Kxf2 Qg3+ 21. Ke3 Bh5 22. Rf1 Bxf3 23. Rxf3 Qxg5+ 24. Kf2 Rxf3+ 0-1